000 00899nmm a2200265 a 4500
001 ocm000660895
003 TR-IsHL
005 20201028141354.0
008 131226s1997 tu tur
007 cr cn
020 _a9789757981114
035 _a660895
_b(N$T)
050 0 4 _aPL248.S5
_bB56 1997
090 0 4 _aPL248.S5
_bB56 1997
245 1 0 _aBinbaşı Süleyman Bey'in manzum anıları: Memleketim Trabzon mahallem Tekfurçayır
_h[electronic resource] /
_chaz. Ömer Türkoğlu
260 _aİstanbul :
_bKebikeç Yayınları,
_c1997
300 _a184 p.
650 4 _aDil ve Edebiyat
650 4 _aLanguage and Literature
650 0 _aTürk şiiri
650 0 _aTurkish poetry
650 7 _aLITERARY COLLECTIONS / Middle Eastern
_2bisacsh
700 1 _aTürkoğlu, Ömer
856 4 0 _uhttp://search.ebscohost.com/login.aspx?direct=true&scope=site&db=e011xww&AN=660895
999 _c7783
_d7783